00847nam a2200241 i 450000100060000000300090000600500170001500700030003200800410003502000180007608000180009410000400011224501030015225000240025526000340027930000220031349000300033565000300036583000380039585200330043399900170046695201220048316208ES-MaACL20240301063047.0t|000711s2000 sp ||||1| spa d a84-323-1022-0 a330.84/86"19"0 aHarnecker, Marta,d1937-201996186713aLa izquierda en el umbral del siglo XXI b: haciendo posible lo imposible / cpor Marta Harnecker. a2ª ed. española. aMadrid : bSiglo XXI, c2000. a410 p. ; c21 cm.1 aSociología y política14aSocialismo-yS.XX.9171640 aSociología y política9178818 aES-MaACLjL-23401 bR.128390 c16208d16208 00104070aATENEOMbATENEOMcDEPO2d2008-01-17eSCl0oL-23401p1016470r2023-02-23 00:00:00w2023-02-23yMONOGRAFIA